| 000 | 00592nam a22001577a 4500 | ||
|---|---|---|---|
| 003 | OSt | ||
| 005 | 20160323135738.0 | ||
| 008 | 160323b xxu||||| |||| 00| 0 eng d | ||
| 040 | _cRUA | ||
| 082 | _aAGR LY 2011 B470 Or.1 | ||
| 100 |
_98141 _aLY SELAKIRY; លី សិលាគីរី |
||
| 245 | _aRice cropping system in angkor chey district, kampot province; ប្រព័ន្ធដំណាំស្រូវក្នុង ស្រុកអង្គរជ័យខេត្តកំពត | ||
| 260 |
_aPhnom Penh _bRUA _c2011 |
||
| 300 |
_axi;60p. _bill. _c29cm. |
||
| 942 |
_2ddc _cAGR |
||
| 999 |
_c7754 _d7754 |
||